[Event "Eastern Asia-ch U16"]
[Site "Tornelo INT"]
[Date "2021.10.30"]
[Round "5"]
[White "Teo, Jun Kai Ethan"]
[Black "Dharmapuri, Kundan"]
[Result "0-1"]
[WhiteElo "1086"]
[BlackElo "1530"]
[PlyCount "110"]
[EventDate "2021.10.29"]
[EventType "swiss"]
[EventRounds "9"]
[EventCountry "NET"]
[SourceTitle "CBM 205 Extra"]
[Source "ChessBase"]
[SourceDate "2022.01.31"]
[SourceVersion "1"]
[SourceVersionDate "2022.01.31"]
[SourceQuality "1"]

1. e4 d5 2. Nc3 d4 3. Nce2 c5 4. d3 e5 5. g3 Nc6 6. Bg2 Bd6 7. Nf3 h6 8. h3 Nge7 9. 0-0 Be6 10. Kh2 Qd7 11. Ne1 g5 12. c3 0-0-0 13. Bd2 f5 14. f4 exf4 15. gxf4 gxf4 16. Bxf4 Qc7 17. Kh1 fxe4 18. Bxd6 Rxd6 19. Nf4 e3 20. Nxe6 Rxe6 21. Qg4 Qd7 22. Be4 Rg8 23. Qh5 Re5 24. Qxh6 Reg5 25. Rf8+ Kc7 26. Rxg8 Rxg8 27. Ng2 Ne5 28. c4 Rg3 29. Kh2 Rg8 30. Rf1 N5g6 31. Bxg6 Rxg6 32. Qh4 Qd6+ 33. Kh1 Qg3 34. Qxe7+ Kb6 35. Rf6+ Rxf6 36. Qxf6+ Ka5 37. Qh4 Qf3 38. Qe1+ Ka6 39. Kh2 Qf5 40. b4 Qxd3 41. b5+ Kb6 42. h4 Qxc4 43. Nf4 Qf7 44. Qg3 c4 45. h5 c3 46. h6 c2 47. Nd3 Qh5+ 48. Qh3 Qe2+ 49. Qg2 Qxd3 50. Qg1 Qd2+ 51. Kh3 c1Q 52. Qg6+ Kxb5 53. h7 Qh1+ 54. Kg3 Qdg2+ 55. Kf4 Qxg6 0-1

[Event "Eastern Asia-ch U16"]
[Site "Tornelo INT"]
[Date "2021.10.29"]
[Round "3"]
[White "Pranav, V."]
[Black "Dharmapuri, Kundan"]
[Result "1-0"]
[WhiteElo "2177"]
[BlackElo "1530"]
[PlyCount "83"]
[EventDate "2021.10.29"]
[EventType "swiss"]
[EventRounds "9"]
[EventCountry "NET"]
[SourceTitle "CBM 205 Extra"]
[Source "ChessBase"]
[SourceDate "2022.01.31"]
[SourceVersion "1"]
[SourceVersionDate "2022.01.31"]
[SourceQuality "1"]

1. e4 d5 2. exd5 Qxd5 3. Nc3 Qa5 4. d4 c6 5. Nf3 Bg4 6. Bc4 e6 7. h3 Bh5 8. Bd2 Qc7 9. Qe2 Nf6 10. 0-0-0 Nbd7 11. g4 Bg6 12. Ne5 0-0-0 13. f4 Nb6 14. Be3 Bb4 15. Nb1 Be4 16. Rhg1 Nxc4 17. Nxc4 Nd5 18. a3 Be7 19. Nbd2 Nxe3 20. Qxe3 Bd5 21. Ne5 Bd6 22. c4 f6 23. cxd5 fxe5 24. fxe5 Bf8 25. d6 Qd7 26. Ne4 b6 27. Rgf1 g6 28. Nf6 Qb7 29. Qb3 Bh6+ 30. Kb1 Qf7 31. g5 Bg7 32. Nh5 Qg8 33. Nxg7 Qxg7 34. Qxe6+ Rd7 35. Rc1 Kb7 36. Rf6 h6 37. Rcf1 Ka6 38. Rf7 Rxf7 39. Rxf7 Qg8 40. Qc4+ b5 41. Qxc6+ Ka5 42. Rxa7# 1-0